000 00321nam a22001217a 4500
008 230703b xxu||||| |||| 00| 0 eng d
082 _a350
_bRWE
100 _cAnthony H. Rweyemamu and Goran Hyden
245 _aA Decade of Public Administation in Africa
260 _aKenya
_bKLB
_c1975
300 _a377p
942 _2ddc
_cBK
999 _c3193
_d3193